La idea de concreción en el derecho y en la ciencia jurídica actuales.

সংরক্ষণ করুন:
গ্রন্থ-পঞ্জীর বিবরন
প্রধান লেখক: Engisch, Karl (autor)
অন্যান্য লেখক: Gil Cremades, Juan José (estudio preliminar, traducción)
বিন্যাস: গ্রন্থ
ভাষা:ইংরেজি
প্রকাশিত: Pamplona, España: Ediciones Universidad de Navarra, 1968.
সংস্করন:Segunda edición.
মালা:Colección de la Facultad de Derecho,
বিষয়গুলি:
ট্যাগগুলো: ট্যাগ যুক্ত করুন
কোনো ট্যাগ নেই, প্রথমজন হিসাবে ট্যাগ করুন!

MARC

LEADER 00000nam a22000007a 4500
003 CL-VaPUC
005 20220822114603.0
008 220708t1968 ||||| |||| 00| 0 eng d
999 |c 436876  |d 436874 
040 |c Pontificia Universidad Católica de Valparaíso 
082 |2 22  |a 340.11 ENG 1968  
100 |a Engisch, Karl  |9 560127  |e autor 
245 |a La idea de concreción en el derecho y en la ciencia jurídica actuales.  
250 |a Segunda edición.  
260 |a Pamplona, España:   |b Ediciones Universidad de Navarra,   |c 1968.  
300 |a 533 páginas.  
490 |a Colección de la Facultad de Derecho,   |n  36. 
500 |a c.1 Donación Familia Prof. Alejandro Guzmán Brito. 
583 |c 20220708  |k Yessy Sthefany Diaz Vidal 
650 0 |a Filosofía del derecho   |9 255050 
650 0 |a Ciencia jurídica  |9 758318  |x Concreción  
650 0 |a Teoría del derecho  |9 255982  |x Concreción  
700 |a Gil Cremades, Juan José,  |9 872526  |e estudio preliminar  |e traducción  
942 |2 ddc  |c BK  |n 0 
952 |0 0  |1 0  |2 ddc  |4 0  |6 340_110000000000000_ENG_1968  |7 0  |8 C_AGB  |9 584606  |a BIBDER  |b BIBDER  |d 2022-07-08  |e Donación   |i 5652646  |l 5  |m 1  |o 340.11 ENG 1968  |p 5652646  |r 2023-01-25  |s 2022-12-12  |t 1  |w 2022-07-08  |y BK_US  |k AGB